[Event "POR-ch"]
[Site "Barcelos"]
[Date "2016.10.05"]
[Round "4"]
[White "Damaso, Rui"]
[Black "Santos, Hugo Lima"]
[Result "1-0"]
[WhiteElo "2437"]
[BlackElo "2310"]
[PlyCount "199"]
[EventDate "2016.10.02"]
[EventType "tourn"]
[EventRounds "9"]
[EventCountry "POR"]
[EventCategory "4"]
[SourceTitle "EXT 2017"]
[Source "ChessBase"]
[SourceDate "2016.10.25"]
[SourceVersion "1"]
[SourceVersionDate "2016.10.25"]
[SourceQuality "1"]

1. e4 e5 2. Nf3 Nf6 3. Nxe5 d6 4. Nf3 Nxe4 5. c4 Be7 6. d4 0-0 7. Bd3 Nf6 8. Nc3 Bg4 9. h3 Bh5 10. g4 Bg6 11. Bxg6 hxg6 12. Qb3 Qc8 13. Be3 c6 14. 0-0-0 d5 15. cxd5 Nxd5 16. Nxd5 cxd5+ 17. Kb1 Rd8 18. Ne5 Nc6 19. f4 Bf6 20. Rc1 Bxe5 21. fxe5 Qd7 22. Rc3 Na5 23. Qc2 Rdc8 24. b3 Rc6 25. Rxc6 Qxc6 26. Qd3 Qd7 27. Bd2 Nc6 28. Rc1 Rc8 29. Kb2 Nd8 30. Rxc8 Qxc8 31. Qb5 Qe6 32. a4 a6 33. Qc5 Qd7 34. Be3 Ne6 35. Qb4 Qc7 36. h4 Nd8 37. h5 gxh5 38. gxh5 Nc6 39. Qc5 Qa5 40. Qc1 Qb4 41. Ka2 Qe7 42. h6 gxh6 43. Qg1+ Kf8 44. Bxh6+ Ke8 45. Qg8+ Kd7 46. Bf8 Qe8 47. Qg4+ Qe6 48. Qf4 Ke8 49. Bc5 Qg6 50. Qh2 Kd7 51. Qh3+ Qe6 52. Qf3 Kc7 53. Bd6+ Kc8 54. Qf2 Qg6 55. Kb2 Qh5 56. Bc5 Qg6 57. Qf3 Qe6 58. b4 Kd7 59. Qc3 Qg4 60. Ka3 b5 61. axb5 axb5 62. Qd3 Qe4 63. Qxb5 Qf3+ 64. Kb2 Qf2+ 65. Kc1 Qe1+ 66. Kc2 Qf2+ 67. Kd1 Qf3+ 68. Qe2 Qb3+ 69. Qc2 Qf3+ 70. Kc1 Qe3+ 71. Kb1 Nxd4 72. Qa4+ Ke6 73. Qe8+ Kf5 74. Qxf7+ Kg4 75. Qg6+ Kf3 76. Qh5+ Ke4 77. Qh4+ Kf5 78. Qxd4 Qb3+ 79. Kc1 Qa3+ 80. Kd2 Qa2+ 81. Ke3 Qh2 82. Kd3 Qh3+ 83. Kc2 Ke6 84. Qf4 Qg2+ 85. Bf2 Qg6+ 86. Kb2 Kd7 87. Qf6 Qe4 88. Qd6+ Kc8 89. Qc6+ Kb8 90. Qb6+ Kc8 91. Qd4 Qe2+ 92. Kb3 Kb8 93. Be3 Qf1 94. e6 Qb1+ 95. Ka3 Qh1 96. Qa7+ Kc8 97. Qd7+ Kb8 98. Bf4+ Ka8 99. Qc8+ Ka7 100. Be3+ 1-0

[Event "POR-ch"]
[Site "Barcelos"]
[Date "2016.10.03"]
[Round "2"]
[White "Dias, Paulo Jorge Guimara"]
[Black "Santos, Hugo Lima"]
[Result "1-0"]
[WhiteElo "2332"]
[BlackElo "2310"]
[PlyCount "113"]
[EventDate "2016.10.02"]
[EventType "tourn"]
[EventRounds "9"]
[EventCountry "POR"]
[EventCategory "4"]
[SourceTitle "EXT 2017"]
[Source "ChessBase"]
[SourceDate "2016.10.25"]
[SourceVersion "1"]
[SourceVersionDate "2016.10.25"]
[SourceQuality "1"]

1. d4 Nf6 2. c4 g6 3. Nf3 Bg7 4. g3 0-0 5. Bg2 d5 6. cxd5 Nxd5 7. 0-0 c5 8. e4 Nf6 9. e5 Nfd7 10. dxc5 Nxc5 11. Be3 Nba6 12. Nc3 Bf5 13. h3 Qa5 14. Nd5 Be4 15. Nxe7+ Kh8 16. Ng5 Bxg2 17. Kxg2 h6 18. h4 Rad8 19. Qf3 Qc7 20. Nxf7+ Kh7 21. Qg4 Qxe7 22. Nxd8 Rxd8 23. f4 Rd3 24. Rae1 h5 25. Qf3 Qd7 26. b4 Na4 27. f5 Qxf5 28. Qxf5 gxf5 29. Rxf5 Nxb4 30. Rxh5+ Kg8 31. Bf4 Nc6 32. e6 Ne7 33. Ra5 Nb6 34. Rxa7 Bf6 35. Rxb7 Nbd5 36. Bc1 Rc3 37. Rb3 Rc2+ 38. Kh3 Rxa2 39. Rf3 Bg7 40. Bg5 Ra6 41. Bxe7 Nxe7 42. Rf7 Bc3 43. Re4 Ra7 44. Rg4+ Kh8 45. Rc4 Bg7 46. Rb4 Rc7 47. Rb8+ Kh7 48. Re8 Nd5 49. Rd8 Ne7 50. Rd7 Rxd7 51. exd7 Nc6 52. Re7 Nd8 53. g4 Kg6 54. Re8 Bf6 55. g5 Ne6 56. Rxe6 Kh5 57. gxf6 1-0

[Event "Portuguese Masters"]
[Site "Lisbon"]
[Date "2016.06.10"]
[Round "8"]
[White "Santos, Hugo Lima"]
[Black "Padeiro, Jose Joao Tato"]
[Result "1-0"]
[WhiteElo "2290"]
[BlackElo "2317"]
[PlyCount "117"]
[EventDate "2016.06.05"]
[EventType "tourn"]
[EventRounds "9"]
[EventCountry "POR"]
[EventCategory "3"]
[SourceTitle "CBM 172 Extra"]
[Source "ChessBase"]
[SourceDate "2016.06.21"]
[SourceVersion "1"]
[SourceVersionDate "2016.06.21"]
[SourceQuality "1"]

1. e4 c5 2. c3 Nf6 3. e5 Nd5 4. Nf3 e6 5. d4 cxd4 6. cxd4 d6 7. Bc4 Nb6 8. Bd3 Bd7 9. 0-0 Bc6 10. Nc3 N8d7 11. Ne4 dxe5 12. dxe5 Nc5 13. Nxc5 Bxc5 14. Qe2 Nd7 15. Bf4 Be7 16. Rad1 Qb6 17. a3 a5 18. Rfe1 h6 19. Bb1 Bc5 20. Rd2 g5 21. Bg3 g4 22. Nh4 h5 23. Nf5 0-0-0 24. Nd6+ Bxd6 25. Rxd6 h4 26. Bf4 g3 27. Rc1 Qxf2+ 28. Qxf2 gxf2+ 29. Kxf2 Nb8 30. b4 axb4 31. axb4 Rxd6 32. exd6 b5 33. Be4 Kd7 34. Rc5 Bxe4 35. Rc7+ Ke8 36. Rc8+ Kd7 37. Rxh8 Nc6 38. Bd2 Kxd6 39. Rxh4 f5 40. g4 fxg4 41. Rxg4 Bf5 42. Rg1 Kd5 43. h4 Ne5 44. h5 Ng4+ 45. Ke2 e5 46. h6 Nf6 47. Bg5 Nh7 48. Be7 Ke6 49. Rg7 Bb1 50. Ke3 Bf5 51. Bh4 Kd5 52. Rf7 Ke6 53. Rb7 Bg6 54. Rxb5 Kf5 55. Rb6 Bf7 56. Rd6 Kg4 57. Bf6 Kf5 58. Be7 Be8 59. Rb6 1-0

[Event "Portuguese Masters"]
[Site "Lisbon"]
[Date "2016.06.08"]
[Round "5"]
[White "Rego, Pedro Filipe"]
[Black "Santos, Hugo Lima"]
[Result "0-1"]
[WhiteElo "2198"]
[BlackElo "2290"]
[PlyCount "60"]
[EventDate "2016.06.05"]
[EventType "tourn"]
[EventRounds "9"]
[EventCountry "POR"]
[EventCategory "3"]
[SourceTitle "CBM 172 Extra"]
[Source "ChessBase"]
[SourceDate "2016.06.21"]
[SourceVersion "1"]
[SourceVersionDate "2016.06.21"]
[SourceQuality "1"]

1. e4 e5 2. Nf3 Nf6 3. Nc3 Nc6 4. g3 d5 5. exd5 Nxd5 6. Bg2 Nb6 7. 0-0 Bc5 8. Re1 0-0 9. h3 Re8 10. d3 h6 11. Be3 Nd4 12. a4 a6 13. a5 Nd7 14. Nd5 c6 15. Bxd4 Bxd4 16. Nxd4 cxd5 17. Nb3 Nf8 18. Qh5 Qd6 19. f4 Ng6 20. fxe5 Rxe5 21. Rxe5 Nxe5 22. Re1 Ng6 23. Re8+ Kh7 24. Qxd5 Qxg3 25. Qf3 Qg5 26. Re2 Nf4 27. Re4 Bxh3 28. Rxf4 Bxg2 29. Qe3 Bc6+ 30. Kf1 Qg2+ 0-1

[Event "Portuguese Masters"]
[Site "Lisbon"]
[Date "2016.06.07"]
[Round "4"]
[White "Santos, Hugo Lima"]
[Black "Rocha, Sergio MC"]
[Result "0-1"]
[WhiteElo "2290"]
[BlackElo "2388"]
[PlyCount "126"]
[EventDate "2016.06.05"]
[EventType "tourn"]
[EventRounds "9"]
[EventCountry "POR"]
[EventCategory "3"]
[SourceTitle "CBM 172 Extra"]
[Source "ChessBase"]
[SourceDate "2016.06.21"]
[SourceVersion "1"]
[SourceVersionDate "2016.06.21"]
[SourceQuality "1"]

1. e4 c5 2. c3 d6 3. d4 Nf6 4. Bd3 Nc6 5. Nf3 Bg4 6. d5 Nb8 7. 0-0 Nbd7 8. h3 Bh5 9. Bf4 h6 10. g4 g5 11. Bg3 Bg6 12. e5 Bxd3 13. Qxd3 dxe5 14. Nxe5 h5 15. Re1 hxg4 16. Ng6 Rxh3 17. Na3 Qc7 18. Nxe7 Bxe7 19. Rxe7+ Kf8 20. Re3 Qb6 21. Nc4 Qa6 22. Bd6+ Kg7 23. Rxh3 gxh3 24. b3 Rh8 25. Kh1 h2 26. Qf5 Rh5 27. Bxh2 g4 28. Qf4 Rxd5 29. Ne3 Rh5 30. Nxg4 Qc6+ 31. f3 Kf8 32. Nxf6 Nxf6 33. Re1 b5 34. Qb8+ Ne8 35. Kg2 Rh6 36. Qd8 Re6 37. Rxe6 Qxe6 38. Qd3 c4 39. Qd4 a6 40. Qh8+ Ke7 41. bxc4 Qe2+ 42. Kg1 Qxc4 43. Qe5+ Kd7 44. Qd4+ Qxd4+ 45. cxd4 Ke6 46. Kf2 Kd5 47. Ke3 Ng7 48. Be5 Ne6 49. Kd3 a5 50. Bf6 b4 51. Be5 a4 52. Bf6 Nf4+ 53. Kc2 Kc4 54. Be7 Nd5 55. Bc5 Nc3 56. Bf8 Nxa2 57. d5 Kxd5 58. Kd3 Ke5 59. Kc4 b3 60. Ba3 Kf4 61. Bb2 Kxf3 62. Kb5 Nc3+ 63. Bxc3 a3 0-1

[Event "Lisbon Masters"]
[Site "Lisbon"]
[Date "2014.06.12"]
[Round "6"]
[White "Santos, Hugo Lima"]
[Black "Santos, Antonio Pereira"]
[Result "1-0"]
[WhiteElo "2229"]
[BlackElo "2243"]
[PlyCount "81"]
[EventDate "2014.06.08"]
[EventType "tourn"]
[EventRounds "9"]
[EventCountry "POR"]
[SourceTitle "CBM 160 Extra"]
[Source "ChessBase"]
[SourceDate "2014.07.01"]
[SourceVersion "1"]
[SourceVersionDate "2014.07.01"]
[SourceQuality "1"]

1. e4 c5 2. Nc3 Nc6 3. g3 g6 4. Bg2 Bg7 5. d3 d6 6. Be3 Rb8 7. Qd2 b5 8. Nge2 Nd4 9. 0-0 h5 10. Nc1 h4 11. Nd1 hxg3 12. hxg3 Bh3 13. f3 Bxg2 14. Qxg2 Nf6 15. c3 Nc6 16. d4 e5 17. d5 Ne7 18. b4 Nd7 19. bxc5 Nxc5 20. Nb3 Na4 21. Bxa7 Rc8 22. Be3 Nxc3 23. Rc1 Na4 24. Nb2 Bh6 25. f4 exf4 26. gxf4 Bg7 27. Nd4 Qd7 28. Rxc8+ Qxc8 29. Nxb5 Qd7 30. Nc4 Nc8 31. Nd4 Rh4 32. f5 Qc7 33. Rc1 Nc5 34. Nd2 Qd7 35. N4f3 Rh5 36. fxg6 Nd3 37. gxf7+ Kxf7 38. Rf1 Kg8 39. Ng5 Ne5 40. Ne6 Rh7 41. Rf8# 1-0

[Event "POR SuperCup"]
[Site "Vila Nova de Gaia"]
[Date "2013.11.02"]
[Round "1.2"]
[White "Santos, Hugo Lima"]
[Black "Pena Gomez, Manuel"]
[Result "0-1"]
[WhiteElo "2253"]
[BlackElo "2417"]
[PlyCount "118"]
[EventDate "2013.11.02"]
[EventType "team-match"]
[EventRounds "1"]
[EventCountry "POR"]
[SourceTitle "EXT 2014"]
[Source "ChessBase"]
[SourceDate "2013.11.20"]
[SourceVersion "1"]
[SourceVersionDate "2013.11.20"]
[SourceQuality "1"]
[WhiteTeam "Tap CC"]
[BlackTeam "Gaia"]
[WhiteTeamCountry "POR"]
[BlackTeamCountry "POR"]

1. e4 c5 2. Nc3 Nc6 3. g3 g6 4. Bg2 Bg7 5. d3 d6 6. Be3 e6 7. Qd2 Rb8 8. Nge2 Nd4 9. 0-0 b5 10. Nd1 Ne7 11. Nxd4 cxd4 12. Bh6 0-0 13. Bxg7 Kxg7 14. c3 Nc6 15. cxd4 Nxd4 16. Ne3 Qb6 17. Nc2 Nxc2 18. Qxc2 b4 19. Rfc1 Ba6 20. Bf1 Qd4 21. Qd2 d5 22. Qe2 dxe4 23. Qxe4 Qd8 24. d4 Bxf1 25. Kxf1 Rb5 26. Rc5 Rxc5 27. dxc5 Qd2 28. Qc4 Rd8 29. Rc1 Qxb2 30. Rc2 Qd4 31. Qxd4+ Rxd4 32. c6 Rd8 33. Rc4 Rc8 34. Ke2 Kf6 35. Kd3 e5 36. Rc5 Ke6 37. Kc4 Kd6 38. Rd5+ Kxc6 39. Rxe5 Kd6+ 40. Kd4 Rc2 41. Ra5 Rxf2 42. Rxa7 Ke6 43. Kc4 Rb2 44. h4 h5 45. Kd4 Rg2 46. Kc4 Rxg3 47. Kxb4 Rg4+ 48. Kb5 Rxh4 49. a4 Rh1 50. Rc7 h4 51. Rc2 h3 52. a5 g5 53. Ra2 Rb1+ 54. Kc6 Rb8 55. Re2+ Kf5 56. Re7 Kg6 57. Re1 g4 58. Kd5 h2 59. Ke4 Re8+ 0-1

[Event "POR-ch"]
[Site "Lisbon"]
[Date "2013.09.08"]
[Round "8"]
[White "Rego, Pedro Filipe"]
[Black "Santos, Hugo Lima"]
[Result "1/2-1/2"]
[WhiteElo "2229"]
[BlackElo "2235"]
[PlyCount "60"]
[EventDate "2013.09.02"]
[EventType "tourn"]
[EventRounds "9"]
[EventCountry "POR"]
[EventCategory "2"]
[SourceTitle "CBM 156 Extra"]
[Source "ChessBase"]
[SourceDate "2013.10.22"]
[SourceVersion "1"]
[SourceVersionDate "2013.10.22"]
[SourceQuality "1"]

1. c4 e5 2. g3 Nc6 3. Bg2 g6 4. Nc3 Bg7 5. d3 d6 6. e4 f5 7. Nge2 Nh6 8. 0-0 0-0 9. f3 g5 10. exf5 Nxf5 11. Nd5 h6 12. Be3 Nxe3 13. Nxe3 Nd4 14. Nc2 c6 15. Nexd4 exd4 16. Qd2 Bf5 17. Rae1 Qd7 18. b4 Rae8 19. a4 d5 20. c5 a5 21. bxa5 Ra8 22. Rb1 Qe7 23. Rfe1 Qxc5 24. Rxb7 Rxa5 25. Nb4 Rxa4 26. Rc1 Qa5 27. Rxc6 Rf7 28. Rb8+ Rf8 29. Rb7 Rf7 30. Rb8+ Rf8 1/2-1/2

[Event "POR-ch"]
[Site "Lisbon"]
[Date "2013.09.07"]
[Round "6"]
[White "Fernandes, Antonio ETG"]
[Black "Santos, Hugo Lima"]
[Result "1/2-1/2"]
[WhiteElo "2383"]
[BlackElo "2235"]
[PlyCount "175"]
[EventDate "2013.09.02"]
[EventType "tourn"]
[EventRounds "9"]
[EventCountry "POR"]
[EventCategory "2"]
[SourceTitle "CBM 156 Extra"]
[Source "ChessBase"]
[SourceDate "2013.10.22"]
[SourceVersion "1"]
[SourceVersionDate "2013.10.22"]
[SourceQuality "1"]

1. d4 d5 2. c4 c6 3. Nc3 Nf6 4. Nf3 e6 5. Bg5 Nbd7 6. cxd5 exd5 7. e3 Be7 8. Qc2 Nh5 9. Bxe7 Qxe7 10. Rb1 a5 11. a3 0-0 12. Bd3 Nhf6 13. 0-0 g6 14. Rfe1 Nb6 15. Ne5 Nfd7 16. Nf3 Nf6 17. Ne5 Nfd7 18. Nxd7 Bxd7 19. e4 dxe4 20. Nxe4 Bf5 21. Nc5 Bxd3 22. Qxd3 Qc7 23. Qg3 Qxg3 24. hxg3 Nc4 25. Rbc1 b5 26. Nd7 Rfd8 27. Re7 Kg7 28. Ne5 Nxe5 29. dxe5 Re8 30. Rxe8 Rxe8 31. f4 Rc8 32. b4 axb4 33. axb4 f6 34. Kf2 fxe5 35. fxe5 Ra8 36. Rxc6 Ra4 37. Rc7+ Kg8 38. e6 Kf8 39. Rf7+ Ke8 40. Rf4 Ke7 41. Re4 Ra6 42. Re5 Rxe6 43. Rxb5 Kf6 44. Kf3 Re1 45. Rb6+ Kg5 46. Rb5+ Kf6 47. Rb7 h6 48. Kg4 Re4+ 49. Kf3 Re1 50. b5 Rb1 51. b6 Rb4 52. Rb8 Kg5 53. b7 h5 54. Ke3 Rb1 55. Ke4 Re1+ 56. Kd5 Rd1+ 57. Ke6 Re1+ 58. Kf7 Rf1+ 59. Kg7 Rb1 60. Kf7 Rf1+ 61. Ke7 Re1+ 62. Kd6 Rd1+ 63. Ke5 Re1+ 64. Kd4 Rd1+ 65. Ke4 Re1+ 66. Kd3 Rb1 67. Kc3 Rb6 68. Kd2 Rb1 69. Ke2 Rb2+ 70. Kf3 Rb1 71. Kf2 Rb3 72. Kg1 Rb2 73. Kh1 Rb3 74. Kg1 Rb2 75. g4 hxg4 76. g3 Rb1+ 77. Kf2 Rb2+ 78. Ke3 Rb3+ 79. Kd4 Rb1 80. Kc3 Rb6 81. Kc2 Rb5 82. Kd3 Rb1 83. Ke4 Re1+ 84. Kd4 Rd1+ 85. Ke4 Re1+ 86. Kd3 Rb1 87. Kd4 Rd1+ 88. Ke5 1/2-1/2

[Event "Lisbon Check Mate op 1st"]
[Site "Lisbon"]
[Date "2013.08.11"]
[Round "3.3"]
[White "Santos, Hugo Lima"]
[Black "Santos, Julio Fernandes"]
[Result "1-0"]
[WhiteElo "2232"]
[BlackElo "1997"]
[PlyCount "158"]
[EventDate "2013.08.10"]
[EventType "swiss"]
[EventRounds "7"]
[EventCountry "POR"]
[SourceTitle "EXT 2015"]
[Source "ChessBase"]
[SourceDate "2014.11.20"]
[SourceVersion "1"]
[SourceVersionDate "2014.11.20"]
[SourceQuality "1"]

1. e4 e5 2. Nf3 Nc6 3. Bb5 a6 4. Ba4 b5 5. Bb3 d6 6. c3 Bg4 7. h3 Bh5 8. d3 Be7 9. 0-0 Nf6 10. Re1 h6 11. Nbd2 0-0 12. Nf1 Nb8 13. Ng3 Bg6 14. Nh4 Kh7 15. Nhf5 Nbd7 16. h4 Kh8 17. h5 Bxf5 18. Nxf5 Nc5 19. Bc2 Ne6 20. d4 Nh7 21. d5 Nc5 22. g3 Nd7 23. a4 Re8 24. axb5 axb5 25. Rxa8 Qxa8 26. Nxg7 Rg8 27. Bxh6 Bg5 28. Nf5 Qd8 29. Bxg5 Nxg5 30. Kg2 Nf6 31. Qe2 Qd7 32. Bd3 Rb8 33. Qe3 Rg8 34. Qe2 Rb8 35. Rg1 c6 36. dxc6 Qxc6 37. Qe3 Rg8 38. f3 Qc5 39. Qxc5 dxc5 40. Bxb5 Rb8 41. Nd6 Rb6 42. Rd1 Nxh5 43. Rd2 Ng7 44. Bc4 Kg8 45. b3 Rb8 46. Bd5 N5e6 47. Ra2 Ne8 48. Nxe8 Rxe8 49. Bxe6 Rxe6 50. Ra8+ Kg7 51. Rc8 Rb6 52. Rxc5 Rxb3 53. Kh3 f6 54. Kg4 Kg6 55. Rc6 Rb5 56. Rc8 Rb1 57. c4 Rc1 58. c5 Rc4 59. Rc6 Ra4 60. Rd6 Rb4 61. c6 Rc4 62. Re6 Rc3 63. f4 exf4 64. gxf4 Kf7 65. Kf5 Rc5+ 66. e5 fxe5 67. fxe5 Rc1 68. Rh6 Rf1+ 69. Ke4 Ke7 70. Kd5 Rd1+ 71. Kc5 Rc1+ 72. Kb6 Rb1+ 73. Kc7 Rc1 74. Kb7 Rb1+ 75. Kc8 Rc1 76. c7 Rc2 77. Rh1 Ke6 78. Rb1 Kxe5 79. Kb8 Kd4 1-0

[Event "POR-ch prel"]
[Site "Lisbon"]
[Date "2013.07.20"]
[Round "7.2"]
[White "Santos, Hugo Lima"]
[Black "Bray, Daniel Jose Freire"]
[Result "0-1"]
[WhiteElo "2221"]
[BlackElo "2115"]
[PlyCount "94"]
[EventDate "2013.07.15"]
[EventType "swiss"]
[EventRounds "9"]
[EventCountry "POR"]
[SourceTitle "EXT 2015"]
[Source "ChessBase"]
[SourceDate "2014.11.20"]
[SourceVersion "1"]
[SourceVersionDate "2014.11.20"]
[SourceQuality "1"]

1. e4 d5 2. exd5 Qxd5 3. Nc3 Qd6 4. g3 Nf6 5. Bg2 Nc6 6. Nge2 Bg4 7. h3 Bh5 8. d3 e5 9. g4 Bg6 10. f4 exf4 11. Bxf4 Qd7 12. Qd2 Bc5 13. 0-0-0 0-0 14. Kb1 Nb4 15. Be5 Nbd5 16. Nxd5 Nxd5 17. Bxd5 Qxd5 18. Bxc7 Rfe8 19. Nf4 Qc6 20. Nxg6 Qxc7 21. Nh4 Be3 22. Qg2 g6 23. Nf3 Bb6 24. h4 Re3 25. Ng5 Rae8 26. Ne4 Bd4 27. c3 Bg7 28. Rhe1 Qb6 29. d4 R8xe4 30. Qxe4 Rxe4 31. Rxe4 Qb5 32. b3 f5 33. gxf5 gxf5 34. c4 Qd7 35. Re2 f4 36. Rf2 Qf5+ 37. Kc1 f3 38. Rdf1 Bxd4 39. Rxf3 Be3+ 40. Kb2 Qe5+ 41. Kc2 Qe4+ 42. Kb2 Qd4+ 43. Kb1 Qd3+ 44. Kb2 Qd2+ 45. Kb1 Bd4 46. Rg3+ Bg7 47. Rf6 Qe1+ 0-1

[Event "POR-ch prel"]
[Site "Lisbon"]
[Date "2013.07.19"]
[Round "6.1"]
[White "Diogo, Vasco Andre Marcalo"]
[Black "Santos, Hugo Lima"]
[Result "1-0"]
[WhiteElo "2300"]
[BlackElo "2221"]
[PlyCount "115"]
[EventDate "2013.07.15"]
[EventType "swiss"]
[EventRounds "9"]
[EventCountry "POR"]
[SourceTitle "EXT 2015"]
[Source "ChessBase"]
[SourceDate "2014.11.20"]
[SourceVersion "1"]
[SourceVersionDate "2014.11.20"]
[SourceQuality "1"]

1. Nf3 Nf6 2. g3 d5 3. Bg2 c5 4. 0-0 Nc6 5. d3 Bg4 6. h3 Bh5 7. Nbd2 e6 8. e4 Be7 9. Re1 Qc7 10. c3 dxe4 11. dxe4 0-0 12. Qc2 b5 13. a4 a6 14. Nf1 Rad8 15. axb5 axb5 16. Bf4 Qb6 17. b3 Nd7 18. g4 Bg6 19. Ne3 Qb7 20. Nf5 Nb6 21. Nxe7+ Qxe7 22. Ra6 Nd5 23. Bd2 Qb7 24. Rxc6 Qxc6 25. exd5 Qxd5 26. Qb2 Be4 27. c4 Qb7 28. Rxe4 Qxe4 29. cxb5 Qb7 30. Qc2 Qxb5 31. Bf1 Qc6 32. Ng5 g6 33. Bc3 f6 34. Ne4 e5 35. Bc4+ Kh8 36. g5 Rd4 37. Bxd4 exd4 38. Nxf6 Ra8 39. Qe4 Qxe4 40. Nxe4 Rc8 41. Kf1 Rc7 42. Ke2 h6 43. h4 hxg5 44. hxg5 Kg7 45. f4 Kf8 46. Kf3 Rc8 47. Nf2 Ke7 48. Nd3 Rc6 49. Ne5 Rb6 50. Ke4 Rd6 51. Nd3 Rc6 52. Kd5 Rc8 53. Nxc5 Rf8 54. Nd3 Rd8+ 55. Ke4 Rd6 56. Bd5 Ra6 57. Kxd4 Kd6 58. Be4 1-0

[Event "POR-ch prel"]
[Site "Lisbon"]
[Date "2013.07.15"]
[Round "1.4"]
[White "Pereira P Pais, Ricardo Emanuel"]
[Black "Santos, Hugo Lima"]
[Result "0-1"]
[WhiteElo "1871"]
[BlackElo "2221"]
[PlyCount "66"]
[EventDate "2013.07.15"]
[EventType "swiss"]
[EventRounds "9"]
[EventCountry "POR"]
[SourceTitle "EXT 2015"]
[Source "ChessBase"]
[SourceDate "2014.11.20"]
[SourceVersion "1"]
[SourceVersionDate "2014.11.20"]
[SourceQuality "1"]

1. f4 d5 2. Nf3 g6 3. e3 Bg7 4. c4 Nf6 5. cxd5 Nxd5 6. Nc3 0-0 7. Bc4 Nxc3 8. bxc3 c5 9. 0-0 Nc6 10. Qe1 e5 11. fxe5 Nxe5 12. Nxe5 Bxe5 13. d4 cxd4 14. Ba3 Bd6 15. Bxd6 Qxd6 16. exd4 Bf5 17. Rf3 Rac8 18. Bb3 Rc7 19. Qg3 Qxg3 20. Rxg3 Rfc8 21. Rf1 Rxc3 22. Rxc3 Rxc3 23. g4 Be6 24. d5 Bxg4 25. Re1 Kf8 26. d6 Rd3 27. Re7 Be6 28. Bxe6 fxe6 29. Rxb7 a6 30. Rb8+ Kf7 31. Rb7+ Kf6 32. Rxh7 Rxd6 33. Kf1 Rd2 0-1

[Event "POR-ch"]
[Site "Pampilhosa da Serra"]
[Date "2012.08.09"]
[Round "6"]
[White "Carneiro, Carlos Alberto Carv"]
[Black "Santos, Hugo Lima"]
[Result "1-0"]
[WhiteElo "2262"]
[BlackElo "2146"]
[PlyCount "95"]
[EventDate "2012.08.04"]
[EventType "tourn"]
[EventRounds "9"]
[EventCountry "POR"]
[EventCategory "1"]
[SourceTitle "CBM 149 Extra"]
[Source "ChessBase"]
[SourceDate "2012.08.24"]
[SourceVersion "1"]
[SourceVersionDate "2012.08.24"]
[SourceQuality "1"]

1. d4 d5 2. Nf3 Nf6 3. c4 e6 4. Nc3 Nbd7 5. Bg5 c6 6. e3 Qa5 7. Qb3 Ne4 8. Bf4 g5 9. cxd5 Nxc3 10. bxc3 gxf4 11. dxe6 fxe6 12. exf4 Nf6 13. g3 Ba3 14. Bc4 Nd5 15. 0-0 b5 16. Bxd5 exd5 17. Rfe1+ Kd8 18. Ne5 Kc7 19. Re3 Bd6 20. Nf7 Rf8 21. Nxd6 Kxd6 22. a4 Bd7 23. Qa3+ Kc7 24. Re7 Rfe8 25. Rxh7 bxa4 26. f5 Rab8 27. Qc1 Kc8 28. f6 Bf5 29. Re7 Qd8 30. Qf4 Rb1+ 31. Rxb1 Bxb1 32. Qg4+ Kb8 33. Qe6 Rf8 34. Qxc6 Qb6 35. Re8+ Rxe8 36. Qxe8+ Kb7 37. Qd7+ Ka6 38. Qxa4+ Kb7 39. Qd7+ Ka6 40. f7 Bg6 41. f8Q Qb1+ 42. Kg2 Be4+ 43. Kh3 Bf5+ 44. Qfxf5 Qb8 45. Qc6+ Qb6 46. Qfxd5 Qxc6 47. Qxc6+ Ka5 48. Qb7 1-0

[Event "POR-ch"]
[Site "Pampilhosa da Serra"]
[Date "2012.08.07"]
[Round "4"]
[White "Ulyanovskyy, Viktor"]
[Black "Santos, Hugo Lima"]
[Result "0-1"]
[WhiteElo "2290"]
[BlackElo "2146"]
[PlyCount "208"]
[EventDate "2012.08.04"]
[EventType "tourn"]
[EventRounds "9"]
[EventCountry "POR"]
[EventCategory "1"]
[SourceTitle "CBM 149 Extra"]
[Source "ChessBase"]
[SourceDate "2012.08.24"]
[SourceVersion "1"]
[SourceVersionDate "2012.08.24"]
[SourceQuality "1"]

1. e4 e5 2. Nf3 Nc6 3. Bb5 a6 4. Bxc6 dxc6 5. d3 f6 6. h3 c5 7. Be3 Be6 8. Qe2 Qd7 9. Nbd2 0-0-0 10. Nb3 b6 11. d4 cxd4 12. Qxa6+ Kb8 13. Bxd4 Qc6 14. 0-0-0 Bc8 15. Qd3 Qa4 16. Qe3 exd4 17. Nfxd4 Re8 18. a3 Bd6 19. Rhe1 Ne7 20. Kb1 Nc6 21. Nxc6+ Qxc6 22. Rd3 Bb7 23. f3 f5 24. Nd4 Qc5 25. Nxf5 Qxe3 26. Rexe3 Bc5 27. Re1 g6 28. Nh6 Re7 29. Red1 Bd6 30. Ng4 Rf8 31. b4 Ba6 32. Rd5 Be2 33. Re1 Bc4 34. Rd4 Bg3 35. Red1 Be2 36. R1d2 Bb5 37. c4 Ba6 38. Rd8+ Rxd8 39. Rxd8+ Ka7 40. Ne3 Bh4 41. b5 Bb7 42. Rf8 Bf2 43. Nd5 Bxd5 44. cxd5 Bc5 45. Rd8 Bxa3 46. Kc2 Bd6 47. Kd3 Be5 48. Rf8 Bd6 49. Rg8 Kb7 50. Ke3 Rf7 51. Re8 Bc5+ 52. Kd3 Rf4 53. Rh8 Rf7 54. Rg8 Re7 55. f4 Rf7 56. g3 Bf2 57. e5 Bxg3 58. e6 Re7 59. f5 Bh4 60. fxg6 hxg6 61. Ke4 Rh7 62. Rxg6 Be7 63. Rg3 Bd6 64. Re3 Rh5 65. Rf3 Kc8 66. Rf7 Kd8 67. Rg7 Rh4+ 68. Kf5 Rxh3 69. Rg8+ Ke7 70. Rg7+ Ke8 71. Rg8+ Bf8 72. Kf6 Rf3+ 73. Ke5 Ke7 74. Rg4 Rb3 75. Rc4 Kd8 76. Kf6 Be7+ 77. Ke5 Rxb5 78. Rg4 Ke8 79. Ra4 c6 80. Ra8+ Bd8 81. Kd6 Rxd5+ 82. Kxc6 Ra5 83. Rb8 Ke7 84. Kb7 Re5 85. Kc6 Rxe6+ 86. Kb5 Re5+ 87. Kb4 Kd7 88. Rb7+ Kc6 89. Rh7 Be7+ 90. Kb3 b5 91. Rh3 Bc5 92. Rh6+ Kd5 93. Rh4 Re3+ 94. Kc2 Bd4 95. Rh7 Kc4 96. Rc7+ Bc5 97. Kd2 Rf3 98. Rc8 Rf2+ 99. Kc1 b4 100. Kb1 Kb5 101. Rb8+ Ka4 102. Rc8 Bd4 103. Rc4 Kb3 104. Rxd4 Rf1+ 0-1

[Event "POR-ch"]
[Site "Pampilhosa da Serra"]
[Date "2012.08.05"]
[Round "2"]
[White "Santos, Hugo Lima"]
[Black "Fernandes, Antonio ETG"]
[Result "1/2-1/2"]
[WhiteElo "2146"]
[BlackElo "2395"]
[PlyCount "137"]
[EventDate "2012.08.04"]
[EventType "tourn"]
[EventRounds "9"]
[EventCountry "POR"]
[EventCategory "1"]
[SourceTitle "CBM 149 Extra"]
[Source "ChessBase"]
[SourceDate "2012.08.24"]
[SourceVersion "1"]
[SourceVersionDate "2012.08.24"]
[SourceQuality "1"]

1. d4 f5 2. Nc3 Nf6 3. Bg5 d5 4. Bxf6 exf6 5. e3 c6 6. Bd3 Be6 7. Qf3 g6 8. Nge2 Nd7 9. h4 h5 10. Qg3 Bf7 11. 0-0 a6 12. Rad1 Qb8 13. Qh3 Bh6 14. Rfe1 Qc7 15. Qf3 b5 16. Ng3 Kf8 17. Nce2 Nb6 18. b3 Nc8 19. c4 bxc4 20. bxc4 dxc4 21. Bb1 Kg7 22. Nc3 Ne7 23. e4 f4 24. Nge2 Be6 25. e5 fxe5 26. dxe5 Nd5 27. Nd4 Rae8 28. Qe4 Qf7 29. Nxe6+ Rxe6 30. Nxd5 cxd5 31. Rxd5 f3 32. Red1 Rhe8 33. Rd7 R8e7 34. Rxe7 Rxe7 35. Qd4 Qe6 36. Qe4 Qf5 37. Rd6 Qxe4 38. Bxe4 Rxe5 39. Rxg6+ Kf7 40. Rxh6 Rxe4 41. gxf3 Rxh4 42. Kg2 Ke7 43. Kg3 Rh1 44. Rc6 Rc1 45. Kg2 Kd7 46. Rxa6 Rd1 47. Ra4 Rd4 48. Ra5 Kc6 49. Rxh5 c3 50. Rh1 Kc5 51. Rc1 Kc4 52. Kg3 Kd3 53. Rd1+ Kc4 54. Rc1 Kd3 55. Rd1+ Kc4 56. Rc1 Rd3 57. Kg4 Rd2 58. Kg5 Rxa2 59. f4 Rxf2 60. f5 c2 61. f6 Kd5 62. f7 Ke6 63. Rxc2 Rxf7 64. Re2+ Kd5 65. Kg6 Rf8 66. Kg7 Rf1 67. Re3 Rg1+ 68. Kf7 Kd4 69. Re2 1/2-1/2